| 000 | 00634nam a2200193 a 4500 | ||
|---|---|---|---|
| 005 | 20230526063710.0 | ||
| 008 | 991125s1982 mx 000 0 spa u | ||
| 020 | _a9688002380 | ||
| 035 | _aUPN01000040101 | ||
| 049 | _aLTG | ||
| 050 | 4 |
_aLB1582 M6 _bM8 |
|
| 100 | 1 |
_aPeña, Guillermo de la _931454 |
|
| 245 | 1 | 0 |
_aMorelos : _bviento en la sierra, fuego en el cañaveral : edición experimental |
| 260 |
_aMéxico : _bSEP, Comisión Nacional de los Libros de Texto Gratuitos, _c1982 |
||
| 300 |
_a266 p. : _bil. col. |
||
| 651 | 7 |
_aMorelos _xDescripción y viajes _2 _923099 |
|
| 651 | 7 |
_aMorelos _xHistoria _2 _923107 |
|
| 905 | _aLibro | ||
| 999 |
_c40101 _d40101 |
||